000 00555nam a2200205Ia 4500
005 20250923145125.0
008 008 250917s9999 xx 000 0 eng d
037 _aTextual
040 _aDSWL
_beng
_cDSWL
041 _aeng
_2eng
084 _aL
_qDSWL
245 0 _aComprehensive text book of psychiatry
_cEd.by A.M. Freedman
260 _aCalcutta
_bScientific Book Agency
_c1967
300 _a127 p.
365 _aINR
_b120
700 _aH.I. Kaplan
_9832001
925 _g120
942 _cTEXL
_hL
999 _c1447438
_d1447438